Top 30 Best Directors of All Time - Statistics

General Stats
  • This quiz has been taken 48 times
  • The average score is 15 of 30
Answer Stats
Top Director Nationality % Correct
11 Steven Spielberg American
86%
10 Martin Scorsese American
83%
1 Alfred Hitchcock British
81%
19 Christopher Nolan British-American
81%
16 Quentin Tarantino American
74%
3 Stanley Kubrick American
69%
8 Akira Kurosawa Japanese
62%
6 Francis Ford Coppola American
62%
30 Guillermo Del Toro Mexican
60%
7 Ingmar Bergman Swedish
60%
4 Federico Fellini Italian
57%
24 John Ford American
57%
5 Jean‑Luc Godard French
55%
21 Pedro Almodóvar Spanish
55%
20 Charlie Chaplin British
52%
25 Paul Thomas Anderson American
52%
9 Andrei Tarkovsky Russian
50%
14 David Lynch American
50%
2 Orson Welles American
48%
22 Clint Eastwood American
45%
26 David Fincher American
45%
13 Billy Wilder Austrian-American
43%
15 Robert Zemeckis American
33%
18 Ridley Scott British
31%
28 Spike Lee American
31%
23 Woody Allen American
31%
12 Jean Renoir French
29%
29 Tim Burton American
29%
27 Terrence Malick American
24%
17 Jean‑Pierre Melville French
12%
No matching quizzes found
Score Distribution
Percent of People with Each Score
Percentile by Number Answered
Your Score History
You have not taken this quiz